Переклад неособових форм дієслів та їх функціонування у текстах художнього та публіцистичного стилів (Запис № 284125)

МАРК-запис
000 -LEADER
fixed length control field 01718nam a22001577a 4500
041 ## - LANGUAGE CODE
Language code of text/sound track or separate title ukr
080 ## - UNIVERSAL DECIMAL CLASSIFICATION NUMBER
Universal Decimal Classification number 09
090 ## - LOCALLY ASSIGNED LC-TYPE CALL NUMBER (OCLC); LOCAL CALL NUMBER (OCLC)
Local cutter number (OCLC) ; Book number/undivided call number, CALL (RLIN) ПІВ
100 ## - MAIN ENTRY--PERSONAL NAME
Personal name Півень І.В.
245 ## - TITLE STATEMENT
Title Переклад неособових форм дієслів та їх функціонування у текстах художнього та публіцистичного стилів
260 ## - PUBLICATION, DISTRIBUTION, ETC. (IMPRINT)
Place of publication, distribution, etc Острог
Name of publisher, distributor, etc КАФ
Date of publication, distribution, etc 2009
300 ## - PHYSICAL DESCRIPTION
Extent 54
520 ## - SUMMARY, ETC.
Summary, etc ВСТУП<br/>РОЗДІЛ 1 НЕОСОБОВІ ДІЄСЛОВА АНГЛІЙСЬКОЇ ТА УКРАЇНСЬКОЇ МОВИ<br/>1.1 Система неособових дієслів англійської мови.<br/>1.2 Система неособових дієслів української мови.<br/>1.3 Порівняльна характеристика системи неособових дієслів в англійській та українській мовах.<br/>РОЗДІЛ 2 ОСОБЛИВОСТІ ПЕРЕКЛАДУ НЕОСОБОВИХ ДІЄСЛІВ<br/>2.1 Преклад неособових дієслів з української мови на англійську.<br/>2.2 Преклад неособових дієслів українською мовою.<br/>РОЗДІЛ 3 ФУНКЦІОНУВАННЯ НЕОСОБОВИХ ДІЄСЛІВ У РЕЧЕННІ<br/>3.1 Вживання вербалій. Класифікація предикативних конструкцій.<br/>3.2 Особливості використання неособових форм дієслів у публіцистичному та художньому текстах.<br/>ВИСНОВКИ
-- неособові дієслова, переклад
650 ## - SUBJECT ADDED ENTRY--TOPICAL TERM
Topical term or geographic name as entry element Research Papers
942 ## - ADDED ENTRY ELEMENTS (KOHA)
Koha item type Книги
Фонди
Withdrawn status Lost status Source of classification or shelving scheme Damaged status Not for loan Home library Current library Date acquired Source of acquisition Cost, normal purchase price Total Checkouts Full call number Barcode Date last seen Price effective from Koha item type
    Universal Decimal Classification     ВІЛ - Відділ іноземн. літератури НБ ВІЛ - Відділ іноземн. літератури НБ 16/04/2009 Акт №1 1.00   09 213393 15/12/2021 16/04/2009 Книги